000 00406nam a2200157Ia 4500
001 15505
008 140403s9999 xx 000 0 und d
040 _cPK-LaUMT
082 _a 297.4
_bMUH-A
100 _aMuhammad Ashraf Ali Thanavi
245 _aKhutbaat-e-Hakeem-ul-Ummat Adaab-e-Insaniyyat
_cMuhammad Ashraf Ali Thanavi
260 _c1985
300 _a542 (vol)
546 _aAR; UR
942 _cBK
999 _c16001
_d16001